Karma: la justicia infalible
Saved in:
| Hovedforfatter: | |
|---|---|
| Format: | Bog |
| Sprog: | spansk |
| Udgivet: |
Mendoza
The Bhaktivedanta Book Trust International
2009
|
| Fag: | |
| Tags: |
Tilføj Tag
Ingen Tags, Vær først til at tagge denne postø!
|
MARC
| LEADER | 00000cam a2200000 a 4500 | ||
|---|---|---|---|
| 001 | UCF5921 | ||
| 003 | CL-VaPUC | ||
| 008 | 130404e20090000AG |||||||||||||||||spa|d | ||
| 020 | |a 9789871386000 | ||
| 082 | 0 | 4 | |a 181.45 |b ACB |2 21 |
| 100 | |a A.C. Bhaktivedanta Swami Prabhupada, |d 1896-1977 |e autor |9 567919 | ||
| 245 | 1 | 0 | |a Karma: la justicia infalible |
| 300 | |a 89 p | ||
| 942 | |c BK | ||
| 945 | |d 20130404 00:00:00 |a dcastane | ||
| 260 | |a Mendoza |b The Bhaktivedanta Book Trust International |c 2009 | ||
| 650 | 0 | |a Yoga |9 312609 | |
| 650 | 0 | |a Filosofía oriental |9 319113 | |
| 650 | 7 | |a MEDITACION |2 CL-VaPUC |9 313094 | |
| 650 | 7 | |a KARMA |2 CL-VaPUC |9 405664 | |
| 583 | |a last modification |c 20140820 10:36:00 |k Rodrigo Vera | ||
| 999 | |c 351314 |d 351312 | ||
| 952 | |0 0 |1 0 |4 0 |6 181_450000000000000_ACB_2009 |7 0 |8 A |9 455349 |a BIBEDU |b BIBEDU |d 2019-11-22 |i 4956451 |o 181.45 ACB 2009 |p 4956451 |r 2019-11-22 |w 2019-11-22 |y BK |k LIT | ||